header

Alien constructions (Record no. 129567)

MARC details
000 -LEADER
fixed length control field 02320nam a2200457 a 4500
082 04 - DEWEY DECIMAL CLASSIFICATION NUMBER
Classification number 813/.08762099287
100 1# - MAIN ENTRY--AUTHOR NAME
Personal name Melzer, Patricia,
245 10 - TITLE STATEMENT
Title Alien constructions
250 ## - EDITION STATEMENT
Edition statement 1st ed.
260 ## - PUBLICATION, DISTRIBUTION, ETC. (IMPRINT)
Place of publication Austin :
Name of publisher University of Texas Press,
Year of publication 2006.
300 ## - PHYSICAL DESCRIPTION
Number of Pages x, 325 p. :
Other physical details ill.
505 0# - FORMATTED CONTENTS NOTE
Formatted contents note Cultural chameleons : anticolonial identities and resistance in Octavia E. Butler's Survivor and dawn -- The alien in us : metaphors of transgression in the work of Octavia E. Butler -- Technoscience's stepdaughter : the feminist cyborg in Alien resurrection -- Our bodies as our selves : body, subjectivity, and (virtual) reality in The matrix -- The anatomy of dystopia : female technobodies and the death of desire in Richard Calder's Dead girls -- Beyond binary gender : genderqueer identities and intersexed bodies in Octavia E. Butler's Wild seed and Imago and Melissa Scott's Shadow man.
650 #0 - SUBJECT ADDED ENTRY--TOPICAL TERM
Topical Term Science fiction, American
Topical Term Science fiction, English
Topical Term Feminism in literature.
856 40 - ELECTRONIC LOCATION AND ACCESS
Uniform Resource Identifier http://site.ebrary.com/lib/rucke/Doc?id=10217902

No items available.

© 2026 Rongo University
Contact us: librarian | system librarian | Rongo university